Statistiche per Stati con più Cristiani al mondo

Clicka qui per fare il quiz!

Statistiche generali

  • Questo quiz è stato fatto 19 volte
  • Il punteggio medio è 16 su 20

Statistiche sulle risposte

ContinenteCristiani (in numeri assoluti)Stato% Corretto
Europa40 000 000Francia
100%
Europa50 000 000Germania
100%
Europa53 230 000Italia
100%
America del Nord107 780 000Messico
100%
Europa33 000 000Spagna
100%
America del Sud180 770 000Brasile
94%
Asia / Europa99 775 000Russia
94%
America del Nord227 590 000Stati Uniti
94%
America del Sud37 561 000Argentina
88%
Europa36 090 000Polonia
82%
Europa33 200 000Regno Unito
82%
Africa40 243 000Sudafrica
76%
Europa38 080 000Ucraina
71%
Asia67 070 000Cina
65%
America del Sud43 560 000Colombia
65%
Asia86 500 000Filippine
65%
Africa52 580 000Etiopia
59%
Africa63 150 000Repubblica Democratica del Congo
59%
Africa34 774 000Kenya
53%
Africa72 881 000Nigeria
53%

Distribuzione punteggi

Percentile per numero di risposta

Percentuale di utenti per punteggio

I tuoi punteggi nel tempo

Non hai fatto questo quiz